00490nam a2200133Ia 4500008004100000040000800041082001600049100007000065245006400135264002200199942001300221952010500234999001700339231129s9999||||xx |||||||||||||| ||spa|| bspa a323.4 C718g aColombia. Consejerí­a Presidencial para la polí­tica social 0aGuí­a para la capacitación y gestión por la infancia aLa Consejerí­a 2ddccBKS 00102ddc4070aBRCbBRCd2013-12-02l0o323.4 C718gp21939r2023-11-29 21:14:29t1w2023-11-29yBK c14790d14790